'V' Vocabulary (Medium) Quiz Stats

 Plays Quiz Updated Dec 3, 2016

Support Sporcle.
Go Orange.
Score 0/25 Timer 06:00
1 Play Today
% Correct
vaccine
95.4%
voyage
95.2%
vandalize
95.1%
veterinarian
95%
veteran
94.9%
visionary
94.6%
velocity
94.6%
vixen
94.1%
vulnerable
93.2%
vortex
93.1%
vertigo
93%
vagabond
92.9%
victorious
91.9%
% Correct
vigilant
91.4%
veneer
91.1%
vindictive
90.9%
verbose
90.5%
vial
90.3%
vat
90%
vulgar
89.7%
volatile
89.4%
vain
89.4%
vigorous
87.7%
valiant
87.1%
vaunt
77.9%

You're not logged in!

Compare scores with friends on all Sporcle quizzes.
OR
Log In

From the Vault

Dreamworks Animation by Tagline

by dalejr88a

Just be glad we didn't put all the Shrek movies in here.
Remove Ads.
Support Sporcle.
Get the best of Sporcle when you Go Orange. This ad-free experience offers more features, more stats, and more fun while also helping to support Sporcle. Thank you for becoming a member.

Show Comments

Extras

Top Quizzes Today


Score Distribution

Your Account Isn't Verified!

In order to create a playlist on Sporcle, you need to verify the email address you used during registration. Go to your Sporcle Settings to finish the process.

Report this User

Report this user for behavior that violates our Community Guidelines.

Details: